| 000 | 01105cam a2200277 a 4500 | ||
|---|---|---|---|
| 005 | 20211110134245.0 | ||
| 008 | 170213s2004 ck ao fr 000 0 spa d | ||
| 015 | _aSSS | ||
| 020 | _a9586600882 | ||
| 020 | _a9789586600880 | ||
| 035 | _a(Sirsi) a682869 | ||
| 040 |
_aCo-BoUCM _bspa _cSaul Niño _dSaul Niño |
||
| 041 | 0 | _aspa | |
| 100 | 1 |
_aAvila A., Roberto _d1963- _984027 |
|
| 245 | 1 | 0 |
_aImagen fotográfica _blas primeras décadas de fotografía en Tunja _cRoberto Avila A. |
| 260 |
_aTunja (Boyacá, Colombia) _bUniversidad Pedagógica y Tecnológica de Colombia, _c2004 |
||
| 300 |
_a184 páginas _bilustraciones, fotografías |
||
| 504 | _aIncluye referencias bibliográficas | ||
| 650 | 7 |
_aFotografía _xHistoria _ySiglos XIX-XX _zTunja (Colombia) _916080 |
|
| 650 | 7 |
_aImágenes fotograficas _xHistoria _ySiglos XIX-XX _zTunja (Colombia) _984028 |
|
| 650 | 7 |
_aArte y fotografía _99525 |
|
| 651 | 4 |
_aTunja (Colombia) _xHistoria _ySiglos XIX-XX _vfotografías _984029 |
|
| 690 | 0 |
_aArte _99444 |
|
| 942 |
_2DEWEY _a17 _cLIBRO _e1 _h770.986137 _mA958im |
||
| 999 |
_c44361 _d44361 |
||